000 01206nam0a22003011 4500
001 rc\2277272
005 20260407130316.0
035 _a(NLR Aleph) 006557126
090 _a6803846
_c6803846
100 _a20110829d1979 |||y0rusy50 ca
101 0 _arus
102 _aRU
105 _ay z |||||
200 1 _aПатофизиология глаза
_eРесп. сб. науч. работ
_fМоск. НИИ глаз. болезней им. Гельмгольца
_g[Отв. ред. К.В. Трутнева]
210 _aМосква
_cМНИИ глазных болезней
_d1979
215 _a142 с.
_d21
320 _aБиблиогр. в конце статей
606 _aГлаз
_jСборники
_xПатологическая физиология
_2psbo
686 _aР67-2я43
_2rubbk
702 1 _aТрутнева
_bВ.В.
_gВсения Васильевна
_4340
712 0 2 _aНИИ глазных болезней им. Гельмгольца
_cМосква
_3RU\NLR\AUTH\889975104
_9447201
801 0 _aRU
_bNLR
_gpsbo
801 1 _aRU
_bELAR
_2rusmarc
852 _aNLR
_j79-5/5030
899 _aRuMoRGB
_jБ 79-24/407
899 _aRuMoRGB
_jБ 79-24/408
942 _cBOOK
980 _aNB